Mistrzowie Włoch - piłka nożna - Statystyki

Ogólne statystyki
  • Ten quiz został rozwiązany 2 248 razy
  • Średni wynik to 9 z 16
Statystyki odpowiedzi
Tytuły Zdobywca % Poprawnych
19 AC Milan
100%
36 Juventus FC
100%
19 Inter Mediolan
99%
3 SSC Napoli
94%
3 AS Roma
90%
2 SS Lazio
81%
2 ACF Fiorentina
66%
7 Torino FC
62%
9 Genoa FC
56%
7 Bologna FC
48%
1 Sampdoria
45%
1 Hellas Werona
42%
1 Cagliari Calcio
24%
7 Pro Vercelli
5%
1 ASD Novese
1%
1 FC Casale
1%
Nie znaleziono quizów pasujących do podanych kryteriów
Rozkład punktacji
Procent ludzi z każdym wynikiem
Percentyl według liczby udzielonych odpowiedzi
Twoja historia wyników
Nie rozwiązałeś tego quizu